CLINICAL PEDIATRIC NEUROLOGY (Record no. 356)

MARC details
000 -LEADER
fixed length control field 00347nam a2200145Ia 4500
008 - FIXED-LENGTH DATA ELEMENTS--GENERAL INFORMATION
fixed length control field 150201s2009 xx 000 0 und d
082 ## - DEWEY DECIMAL CLASSIFICATION NUMBER
Classification number 616.84
Item number P09F
100 ## - MAIN ENTRY--PERSONAL NAME
Personal name FENICHEL,S.M.
245 ## - TITLE STATEMENT
Title CLINICAL PEDIATRIC NEUROLOGY
250 ## - EDITION STATEMENT
Edition statement 6TH
260 ## - PUBLICATION, DISTRIBUTION, ETC. (IMPRINT)
Name of publisher, distributor, etc. ELSEVIER
Place of publication, distribution, etc. PHILADELPHIA
Date of publication, distribution, etc. 2009
300 ## - PHYSICAL DESCRIPTION
Extent 1-415
650 ## - SUBJECT ADDED ENTRY--TOPICAL TERM
Topical term or geographic name as entry element PAEDIATRICS
942 ## - ADDED ENTRY ELEMENTS (KOHA)
Source of classification or shelving scheme Dewey Decimal Classification
Koha item type Books
Holdings
Withdrawn status Lost status Source of classification or shelving scheme Damaged status Not for loan Collection code Home library Current library Shelving location Date acquired Source of acquisition Cost, normal purchase price Serial Enumeration / chronology SGTU Bill Number Total Checkouts Full call number Barcode Date last seen Bill Date Koha item type
    Dewey Decimal Classification   Not For Loan MEDICAL SGT Medical Library SGT Medical Library Reference Book 12/02/2010 U.B.S. DELHI 1095.00 I SGTU 950   616.84 P09F FM1985 09/02/2015 26/03/2011 Books
    Dewey Decimal Classification   Not For Loan MEDICAL SGT Medical Library SGT Medical Library Reference Book 12/02/2010 U.B.S. DELHI 1095.00 I SGTU 950   616.84 P09F FM1986 02/12/2017 26/03/2011 Books